000 00618nam a2200241Ia 4500
003 OSt
005 20221005065954.0
006 a|||||r|||| 00| 0
007 ta
008 221004b |||||||| |||| 00| 0 eng d
020 _a8172242131
024 _a46905
037 _cTextual
040 _aCRL
_cCRL
_beng
041 _2eng
_aeng
082 _aR3xM95:gx, M1
245 0 _aMind of J.Krishnamurti.ed by Luis S.R.Vas
260 _aMumbai
_bJaico Publishing House
_c1981
300 _a319p.
_ccm.
650 _aPHILOSOPHY
942 _hR3xM95:gx, M1
_cTEXL
_2cc
999 _c975462
_d975462